Asia Tenggara dalam sinar apinja Hari Pahlawan Indonesia; (Record no. 59762)

MARC details
000 -LEADER
fixed length control field 00666cam a22002051 4500
001 - CONTROL NUMBER
control field sa 64006547
003 - CONTROL NUMBER IDENTIFIER
control field DLC
005 - DATE AND TIME OF LATEST TRANSACTION
control field 20260227112040.0
008 - FIXED-LENGTH DATA ELEMENTS--GENERAL INFORMATION
fixed length control field 890913s1963 io 000 0 ind
010 ## - LIBRARY OF CONGRESS CONTROL NUMBER
LC control number sa 64006547
035 ## - SYSTEM CONTROL NUMBER
System control number (OCoLC)23536648
040 ## - CATALOGING SOURCE
Original cataloging agency DLC
Transcribing agency MiU
Modifying agency DLC
042 ## - AUTHENTICATION CODE
Authentication code premarc
050 00 - LIBRARY OF CONGRESS CALL NUMBER
Classification number DS644.2 1963
Item number .A6
100 1# - MAIN ENTRY--PERSONAL NAME
Personal name Abdulgani, Roeslan,
Dates associated with a name 1914-
245 10 - TITLE STATEMENT
Title Asia Tenggara dalam sinar apinja Hari Pahlawan Indonesia;
Statement of responsibility, etc. sambutan tertulis Roeslan Abdulgani mengenai Hari Pahlawan 10 Nopember 1963.
260 ## - PUBLICATION, DISTRIBUTION, ETC.
Place of publication, distribution, etc. [Djakarta]
Name of publisher, distributor, etc. Departemen Penerangan
Date of publication, distribution, etc. [cover 1963]
300 ## - PHYSICAL DESCRIPTION
Extent 40 p.
Other physical details port.
Dimensions 22 cm.
500 ## - GENERAL NOTE
General note "Penerbitan chusus, 291A."

No items available.

Powered by Koha